Econometrics of qualitative dependent variables /

Bibliographic Details
Main Author: Gourieroux, Christian, 1949-
Format: Book
Language:English
Published: Cambridge, U.K. ; New York : Cambridge University Press, 2000.
Series:Themes in modern econometrics.
Subjects:

MARC

Tag First Indicator Second Indicator Subfields
LEADER 00000cam a22000004a 4500
001 in00001582221
005 20151022104339.0
008 000308s2000 enka b 001 0 eng
010 |a  00029263  
020 |a 0521331498 
020 |a 0521589851 (pbk.) 
035 |a (OCoLC)ocm43615861 
040 |a DLC  |c DLC  |d TXA  |d UtOrBLW 
041 1 |a eng  |h fre 
042 |a pcc 
049 |a TXAM 
050 0 0 |a HB139  |b .G6813 2000 
082 0 0 |a 330/.01/5195  |2 21 
100 1 |a Gourieroux, Christian,  |d 1949- 
240 1 0 |a Econométrie des variables qualitatives.  |l English 
245 1 0 |a Econometrics of qualitative dependent variables /  |c Christian Gourieroux ; translated by Paul B. Klassen. 
264 1 |a Cambridge, U.K. ;  |a New York :  |b Cambridge University Press,  |c 2000. 
300 |a x, 372 pages :  |b illustrations ;  |c 24 cm. 
336 |a text  |b txt  |2 rdacontent 
337 |a unmediated  |b n  |2 rdamedia 
338 |a volume  |b nc  |2 rdacarrier 
490 1 |a Themes in modern econometrics 
504 |a Includes bibliographical references (pages 363-366) and index. 
650 0 |a Econometrics. 
650 0 |a Economics, Mathematical. 
830 0 |a Themes in modern econometrics. 
948 |a cataloged  |b h  |c 2000/12/18  |d c  |e dmitchel  |f 1:48:38 pm 
994 |a E0  |b TXA 
999 |a MARS 
999 f f |s 802b5c4e-57ad-39d0-93b3-779eedff7451  |i d96005f2-3ff9-3fe9-a3ef-a89d80705559  |t 0 
952 f f |p normal  |a Texas A&M University  |b College Station  |c Sterling C. Evans Library  |d Evans: Library Stacks  |t 0  |e HB139 .G6813 2000  |h Library of Congress classification  |i unmediated -- volume  |m A14827068270 
952 f f |p ric  |a Texas A&M University  |b Rellis Campus  |c Joint Library Facility  |d Remote Storage  |t 0  |e HB139 .G6813 2000  |h Library of Congress classification  |i unmediated -- volume  |m A14827067355 
998 f f |a HB139 .G6813 2000  |t 0  |l Remote Storage 
998 f f |a HB139 .G6813 2000  |t 0  |l Evans: Library Stacks